Представление документа в формате RUSMARC

ПолеНазваниеЗначение
  Тип записи i
  Библиографический уровень m
001 Контрольный номер 8b3bb42816c94d909e0390d5622c9e10
005 Дата корректировки 20201216162401.7
010 Индекс ISBN __
d Цена 200-00
100 Данные общей обработки __
a Данные общей обработки 19200522d2011||||||| 0rusy0189 ca
101 Язык документа 0_
a Язык текста rus
102 Страна публикации __
a Страна публикации ru
102 Страна публикации __
a Страна публикации RU
105 Кодированные данные (монография) __
a Кодированные данные (монография) |||||||||f|zy
127 Кодированные данные (звукозаписи-физические характеристики) __
a Продолжительность проигрывания 01 ч 43 мин
200 Заглавие и сведения об ответственности 1_
a Заглавие Вилла "Белый конь"
e Сведения, относящиеся к заглавию детектив : [аудиоспектакль]
f Первые сведения об ответственности Агата Кристи ; в ролях: Е. Весник [ и др.]
203 Вид содержания и тип средства __
a Вид содержания Устная речь
c Тип средства аудио
210 Выходные данные __
a Место издания Москва
c Издательство Звуковая книга
c Издательство Гостелерадиофонд
d Дата издания 2011
215 Физическое описание __
a Объем 1 электрон. опт. диск (CD-ROM)
d Формат 12 см
225 Серия __
a Серия Коллекция радиоспектаклей Гостелерадиофонда
v Обозначение тома диск № 35
225 Серия __
a Серия Звуковая книга
225 Серия __
a Серия Радиоспектакль ГТРФ
300 Общие примечания __
a Общие примечания Формат записи: MP3
300 Общие примечания __
a Общие примечания Заглавие с этикетки диска
300 Общие примечания __
a Общие примечания Запись 1991 г.
330 Аннотация __
a Аннотация Череда таинственных несчастных случаев - или древнее колдовство? Ритуалы черной магии - или преступления, гениально задуманные и тщательно спланированные? Убийство есть убийство. Там, где оно совершается, обязательно найдется зацепка или улика.
606 Тематические рубрики __
a Основная рубрика Музыка и зрелищные искусства
606 Тематические рубрики __
a Основная рубрика Художественное радиовещание
606 Тематические рубрики __
a Основная рубрика Художественная литература
606 Тематические рубрики __
a Основная рубрика Литература Европы (произведения)
610 Ключевые слова __
a Ключевые слова детективы
610 Ключевые слова __
a Ключевые слова тема убийств
610 Ключевые слова __
a Ключевые слова тема расследований
610 Ключевые слова __
a Ключевые слова тема приключений
610 Ключевые слова __
a Ключевые слова аудиоспектакли
610 Ключевые слова __
a Ключевые слова английские детективы
686 Индексы других классификаций __
2 Код системы rubbks
a Классификационный индекс 85.381.3(2)-7я04
686 Индексы других классификаций __
2 Код системы rubbks
a Классификационный индекс 84(4Вел)6-445я04
700 Автор _1
a Фамилия Кристи
b Имя А.
f Даты 1890-1976
g Полное личное имя Агата
4 Код отношения 070
702 Вторичная интеллектуальная ответственность _1
a Фамилия Адоскин
b Имя А. М.
4 Код отношения Прочие
f Даты 1927-2019
g Полное личное имя Анатолий Михайлович
4 Код отношения 570
702 Вторичная интеллектуальная ответственность _1
a Фамилия Весник
b Имя Е. Я.
4 Код отношения Прочие
f Даты 1923-2009
g Полное личное имя Евгений Яковлевич
4 Код отношения 570
702 Вторичная интеллектуальная ответственность _1
a Фамилия Гребенщикова
b Имя Л. И.
4 Код отношения Прочие
f Даты 1951-
g Полное личное имя Лариса Ивановна
4 Код отношения 570
702 Вторичная интеллектуальная ответственность _1
a Фамилия Ларионов
b Имя В. Д.
4 Код отношения Прочие
f Даты 1928-2000
g Полное личное имя Всеволод Дмитриевич
4 Код отношения 570
702 Вторичная интеллектуальная ответственность _1
a Фамилия Васильева
b Имя В. К.
4 Код отношения Прочие
f Даты 1925-
g Полное личное имя Вера Кузьминична
4 Код отношения 570
801 Источник записи _0
a Страна ru
b Организация Муниципальное бюджетное учреждение культуры "Централизованная библиотечная система" г. Сургут (Центральная городская библиотека им. А. С. Пушкина)
c Дата составления 20200522
g Правила каталогизации PSBO
801 Источник записи _1
a Страна ru
b Организация Муниципальное бюджетное учреждение культуры "Централизованная библиотечная система" г. Сургут (Центральная городская библиотека им. А. С. Пушкина)
c Дата составления 20200522
g Правила каталогизации PSBO
852 Данные о местонахождении __
j Шифр хранения 85.381.3(2)-7я04
i Авторский знак К 82
901 Тип документа __
t Тип документа 0
a Ответственный КиК/Котельникова
903 Характеристики (МАРС) __
a Дата передачи 20200522
911 __
u 336a=Устная речь
911 __
u 337a=аудио
969 Тип издания __
a Тип издания аудиоспектакль
a Тип издания издание для слепых
990 Данные о заказе (DOS) __
j Количество экземпляров (DOS) 1
t N записи в КСУ для И/У (DOS) 202004